Kompetence regulátorů při dohledu nad činností poboček zahraničních bank EU
Obdobie prípravy novej regulácie, sprísňujúcej podmienky činnosti bánk a možné dopady tejto regulácie. Vymedzenie práv a povinností orgánov dohľadu ako domovského, tak aj hostiteľského štátu EÚ.
Saved in:
| Main Author: | |
|---|---|
| Format: | Book Chapter |
| Language: | Czech |
| Subjects: | |
| Tags: |
No Tags, Be the first to tag this record!
|
MARC
| LEADER | 00000naa a2200000 4500 | ||
|---|---|---|---|
| 001 | 0185438 | ||
| 005 | 20231211083124.2 | ||
| 041 | 0 | |a cze | |
| 044 | |a CZ | ||
| 245 | 1 | 0 | |a Kompetence regulátorů při dohledu nad činností poboček zahraničních bank EU |c Jaroslava Bauerová |
| 520 | |a Obdobie prípravy novej regulácie, sprísňujúcej podmienky činnosti bánk a možné dopady tejto regulácie. Vymedzenie práv a povinností orgánov dohľadu ako domovského, tak aj hostiteľského štátu EÚ. | ||
| 610 | 2 | 0 | |a banky centrálne |
| 610 | 2 | 0 | |a pobočky bankové |
| 610 | 2 | 0 | |a bankovníctvo |
| 610 | 2 | 0 | |a stabilita finančná |
| 610 | 2 | 0 | |a dohľad bankový |
| 610 | 2 | 0 | |a dohľad nad finančným trhom |
| 100 | 1 | |a Bauerová, Jaroslava | |